00555cam a22001577a 450000100100000000500170001000800410002704000250006810000370009324500410013026000490017130000200022049000320024095201100027299900150038200000940120200929161600.0841129s1983 cl 000 0 spa  aDO-SdBNPbspacBNPHU1 aPrado, Pedro,d1886-1952.92418713aLa reina de Rapa Nui /cPedro Prado. aSantiago :bEditorial Andres Bello,c[1983]. a65 p. ;c19 cm.0 aEditorial Andres Bello ;v4 001052708MOaGRbGRcCTd2009-09-29iLF1l0o p9401-10r2020-06-25w2020-06-25y2ZPréstamo interno c9161d9161